[Event "EU Union-ch U15 11th"]
[Site "Mureck"]
[Date "2013.08.06"]
[Round "7"]
[White "Petrov, Vladimir Sergeev"]
[Black "Szuecs, Matyas"]
[Result "1/2-1/2"]
[WhiteElo "2038"]
[BlackElo "2001"]
[PlyCount "55"]
[EventDate "2013.07.31"]
[EventType "swiss"]
[EventRounds "9"]
[EventCountry "AUT"]
[SourceTitle "CBM 155 Extra"]
[Source "ChessBase"]
[SourceDate "2013.08.26"]
[SourceVersion "1"]
[SourceVersionDate "2013.08.26"]
[SourceQuality "1"]

1. e4 e6 2. d4 d5 3. Nd2 Nf6 4. e5 Nfd7 5. Bd3 c5 6. c3 Nc6 7. Ne2 cxd4 8. cxd4 f6 9. exf6 Nxf6 10. Nf3 Bd6 11. 0-0 Qc7 12. g3 0-0 13. Bf4 Bd7 14. Rc1 Ne4 15. Ne5 Bxe5 16. Bxe5 Qb6 17. Bf4 Rae8 18. Nc3 Nxd4 19. Nxe4 dxe4 20. Bxe4 Bc6 21. Qd3 Bxe4 22. Qxe4 e5 23. Be3 Qxb2 24. Rc7 Qe2 25. Qxb7 Qg4 26. Bxd4 exd4 27. h3 Qg5 28. h4 1/2-1/2

[Event "EU Union-ch U15 11th"]
[Site "Mureck"]
[Date "2013.08.01"]
[Round "2"]
[White "Szuecs, Matyas"]
[Black "Gucagaite, Gabriele"]
[Result "1-0"]
[WhiteElo "2001"]
[BlackElo "1575"]
[PlyCount "79"]
[EventDate "2013.07.31"]
[EventType "swiss"]
[EventRounds "9"]
[EventCountry "AUT"]
[SourceTitle "CBM 155 Extra"]
[Source "ChessBase"]
[SourceDate "2013.08.26"]
[SourceVersion "1"]
[SourceVersionDate "2013.08.26"]
[SourceQuality "1"]

1. d4 f5 2. Nf3 g6 3. c4 Bg7 4. Nc3 Nf6 5. Bf4 d6 6. h3 c6 7. e3 0-0 8. Be2 Qe8 9. d5 Nbd7 10. Nd4 Nc5 11. Rc1 Nce4 12. Nxe4 Nxe4 13. f3 Nf6 14. Qb3 Kh8 15. 0-0 c5 16. Nb5 Qd8 17. Rcd1 Nh5 18. Bh2 Nf6 19. Qd3 Qb6 20. b3 Nh5 21. g4 Nf6 22. e4 fxe4 23. fxe4 Bd7 24. Nc3 Qc7 25. Qe3 Rae8 26. e5 Ng8 27. e6 Rxf1+ 28. Bxf1 Bc8 29. Ne2 a6 30. g5 b5 31. Nf4 bxc4 32. Bxc4 Bb7 33. Qf2 Qa5 34. Qh4 h6 35. Nxg6+ Kh7 36. Qe4 Nf6 37. gxf6 Bxf6 38. Nf8+ Kg7 39. Qh7+ Kxf8 40. Qf7# 1-0